00868nam a2200241 a 450000500170000000800410001704000250005804100080008304400070009110000390009824501880013726000290032530000170035465000290037165000360040065000210043665000240045765000310048165000360051265000330054866200130058170000320059420200104041513.0140221b1988 ck ||||| |||| 00| 0 spa d aCO-BoIAVHcCO-BoIAVH aspa ack aHernández Camacho, Jorge Ignacio10aInforme de avance del proyecto de formulación No. 3. determinación de programas para fortalecer la red de áreas de manejo especialbelementos fundamentales para la formulación aBogotábInderenac1988 a59 páginas14aAreas de manejo especial14aRed de Areas de Manejo Especial14aAreas silvestres14aGestión ambiental14aPlan de acción ambiental14aConservación de biodiversidad14aParques nacionales naturales aColombia aSánchez Páez, Heliodoro